000
00268nam a2200109Ia 4500
008
200302s9999 xx 000 0 und d
100
_a
Irving Skeist
245
_a
Plastics in Building
260
_b
Renhold Publishing Corporation Inc.
260
_c
1966
300
_a
466 P.,
999
_c
426
_d
426